[Event "Baden op-A 30th"]
[Site "Baden"]
[Date "2002.04.28"]
[Round "5.3"]
[White "Posch, Werner"]
[Black "Zivkovic, Nenad"]
[Result "1/2-1/2"]
[WhiteElo "2226"]
[BlackElo "2015"]
[PlyCount "98"]
[EventDate "2002.04.26"]
[EventType "swiss"]
[EventRounds "5"]
[EventCountry "AUT"]
[SourceTitle "EXT 2003"]
[Source "ChessBase"]
[SourceDate "2002.11.25"]
[SourceVersion "1"]
[SourceVersionDate "2002.11.25"]
[SourceQuality "1"]

1. e4 c5 2. Nc3 Nc6 3. g3 Nf6 4. Bg2 e6 5. f4 d5 6. e5 Nd7 7. Nf3 Be7 8. 0-0 a6 9. Kh1 b5 10. d4 Bb7 11. f5 cxd4 12. Nxd4 Nxd4 13. Qxd4 Qb6 14. Qg4 g6 15. fxe6 fxe6 16. Bg5 h5 17. Qh4 Qd8 18. Bf6 Bc8 19. Qg5 Nf8 20. Rf4 Rg8 21. Bxe7 Qxe7 22. Qxe7+ Kxe7 23. Nxd5+ exd5 24. Bxd5 Ne6 25. Bxa8 Nxf4 26. gxf4 Rf8 27. Kg1 Rxf4 28. Rf1 Rxf1+ 29. Kxf1 Ke6 30. Kf2 Kxe5 31. Ke3 g5 32. c3 a5 33. Bc6 b4 34. cxb4 axb4 35. a4 h4 36. Kd3 Ba6+ 37. Ke3 Kd6 38. Be4 Kc5 39. Bf5 Bb7 40. Be4 Bc8 41. Bd3 Kb6 42. Be4 Bd7 43. Kf3 g4+ 44. Kf4 g3 45. hxg3 hxg3 46. Kxg3 Bxa4 47. Kf4 Kc5 48. Ke3 Kc4 49. Kd2 Bd7 1/2-1/2

[Event "Baden op-A 30th"]
[Site "Baden"]
[Date "2002.04.27"]
[Round "3.4"]
[White "Zivkovic, Nenad"]
[Black "Gerhold, Michael"]
[Result "1-0"]
[WhiteElo "2015"]
[BlackElo "2216"]
[PlyCount "80"]
[EventDate "2002.04.26"]
[EventType "swiss"]
[EventRounds "5"]
[EventCountry "AUT"]
[SourceTitle "EXT 2003"]
[Source "ChessBase"]
[SourceDate "2002.11.25"]
[SourceVersion "1"]
[SourceVersionDate "2002.11.25"]
[SourceQuality "1"]

1. e4 c5 2. Nf3 Nc6 3. d4 cxd4 4. Nxd4 Nf6 5. Nc3 e5 6. Ndb5 d6 7. Bg5 a6 8. Bxf6 gxf6 9. Na3 b5 10. Nd5 Bg7 11. c3 f5 12. Bd3 Be6 13. Bc2 0-0 14. exf5 Bxd5 15. Qxd5 Rc8 16. Rd1 b4 17. Nc4 Ne7 18. Qxd6 Qxd6 19. Nxd6 Rb8 20. 0-0 e4 21. Nxe4 Nxf5 22. Rd7 bxc3 23. bxc3 Rfd8 24. Ra7 Nd6 25. Rxa6 Nxe4 26. Bxe4 Bxc3 27. g3 Rd2 28. Rc6 Bd4 29. Rc2 Rxc2 30. Bxc2 Rb2 31. Bb3 Kg7 32. Kg2 h5 33. Kf3 Kg6 34. Bd5 Rd2 35. a4 f5 36. Be6 Rd3+ 37. Ke2 Ra3 38. Bd7 Ra2+ 39. Kd3 Rxf2 40. Re1 Bf6 1-0